[Event "V Miedzynarodowy Memorial Ireny Warakomskiej - Open B"]
[Site "Suwalki"]
[Date "2021-07-27"]
[Round "1.26"]
[White "Pieczulis, Blazej"]
[Black "Wierzbicki, Michal "]
[Result "1/2-1/2"]
[WhiteTitle ""]
[BlackTitle ""]
[WhiteElo "1674"]
[BlackElo "1891"]

1. e4 Nc6 2. d4 d5 3. e5 Bf5 4. f4 e6 5. c3 h5 6. Nd2 Qd7 7. Ndf3 Be7 8. Be3 Na5
9. b3 Nh6 10. Bd3 b6 11. Ne2 c5 12. Qd2 Bxd3 13. Qxd3 c4 14. Qc2 cxb3 15. axb3
Qb5 16. Rb1 Rc8 17. O-O Nf5 18. Bf2 O-O 19. h3 h4 20. Kh2 Rc7 21. Rg1 Rfc8 22.
Qd2 Qd7 23. g4 hxg3+ 24. Bxg3 b5 25. b4 Nc4 26. Qd3 Ra8 27. Bf2 a5 28. bxa5 Rxa5
29. Rg4 Ra2 30. Rbg1 Bf8 31. Nh4 g6 32. Rg5 Nd2 33. Nxf5 exf5 34. Be1 Ne4 35.
R5g2 Bh6 36. h4 Kh7 37. Qf3 Rc8 38. Nc1 Rxg2+ 39. Rxg2 b4 40. Ne2 bxc3 41. Nxc3
Rc4 42. Ne2 Qa4 43. h5 Qd1 44. Bh4 Nd2 45. Qf2 Nf1+ 46. Kh3 Qd3+ 47. Bg3 Ne3 48.
Rg1 Ng4 49. Qg2 Ne3 50. Qf3 1/2-1/2

[Event "V Miedzynarodowy Memorial Ireny Warakomskiej - Open B"]
[Site "Suwalki"]
[Date "2021-07-27"]
[Round "1.27"]
[White "Flis, Pawel"]
[Black "Kietrys, Maciej"]
[Result "1/2-1/2"]
[WhiteTitle ""]
[BlackTitle ""]
[WhiteElo "1883"]
[BlackElo "1670"]

1. e4 e5 2. d4 exd4 3. Nf3 Nc6 4. Bc4 Nf6 5. e5 d5 6. Bb5 Ne4 7. Nxd4 Bd7 8. Bxc6
bxc6 9. O-O c5 10. Nb3 c6 11. f3 Ng5 12. f4 Ne4 13. f5 Qe7 14. e6 fxe6 15. Qh5+
Kd8 16. fxe6 Bxe6 17. Nc3 g6 18. Qf3 Nxc3 19. Qxc3 Bg7 20. Qg3 Kd7 21. Bg5 Qd6
22. Bf4 Qe7 23. c3 Rae8 24. Be3 Bf5 25. Bxc5 Qe5 26. Qf2 Qe2 27. Bxa7 Bh6 28.
Bd4 Rhf8 29. Qh4 Be3+ 30. Bxe3 Qxe3+ 31. Qf2 Qxf2+ 32. Rxf2 Kd6 33. Raf1 h5 34.
h3 Re4 35. Nd4 Ra8 36. a3 Rb8 37. b4 Ra8 38. Nxf5+ gxf5 39. Rxf5 Rxa3 40. R1f3
h4 41. Rf6+ Kc7 42. Rg6 Ra1+ 43. Rf1 Ra3 44. b5 cxb5 45. Rf7+ Kd8 46. Rb7 Kc8
47. Rh7 Re8 48. Rc6+ Kb8 49. Rc5 Re4 50. Rxd5 Rxc3 51. Rxb5+ Kc8 52. Rg5 Rg3 53.
Ra5 Kb8 54. Rf5 Rg8 55. Rb5+ Ka8 56. Rbb7 Rg3 57. Rbf7 Rg8 58. Rhg7 Rh8 59. Kh2
Re5 60. Rh7 Rh5 1/2-1/2

[Event "V Miedzynarodowy Memorial Ireny Warakomskiej - Open B"]
[Site "Suwalki"]
[Date "2021-07-27"]
[Round "1.28"]
[White "Ciszewski, Krzysztof "]
[Black "Fraczek, Weronika"]
[Result "0-1"]
[WhiteTitle ""]
[BlackTitle ""]
[WhiteElo "1667"]
[BlackElo "1878"]

1. d4 Nf6 2. c4 e6 3. Nc3 Bb4 4. e3 O-O 5. Bd3 d5 6. Nf3 Ne4 7. Qc2 f5 8. O-O c6
9. Nd2 Qh4 10. f4 Nd7 11. Nf3 Qh6 12. Bd2 Be7 13. Rab1 Ndf6 14. b4 Bd7 15. b5
Nxc3 16. Bxc3 dxc4 17. Bxc4 cxb5 18. Bxb5 Bxb5 19. Rxb5 b6 20. Ne5 Bd6 21. Qb3
Ne4 22. Be1 Rac8 23. d5 Rfe8 24. Bb4 Bxe5 25. fxe5 Rc3 26. Qb2 Qxe3+ 27. Kh1 Nf2+
0-1

[Event "V Miedzynarodowy Memorial Ireny Warakomskiej - Open B"]
[Site "Suwalki"]
[Date "2021-07-27"]
[Round "1.29"]
[White "Sobocinski, Slawomir "]
[Black "Rylski, Tadeusz"]
[Result "0-1"]
[WhiteTitle ""]
[BlackTitle ""]
[WhiteElo "1873"]
[BlackElo "1644"]

1. b3 d5 2. Bb2 Bf5 3. f4 Nf6 4. Nf3 h6 5. d3 e6 6. e3 Nbd7 7. Qe2 c5 8. Nbd2 Qa5
9. Kf2 Bh7 10. Ne5 Nxe5 11. fxe5 Nd7 12. g3 Be7 13. Bh3 O-O 14. Rhf1 b5 15. Nf3
c4 16. dxc4 bxc4 17. Bd4 Rac8 18. bxc4 Rxc4 19. c3 Nc5 20. Nd2 Bd3 21. Nb3 Qc7
22. Qh5 Ne4+ 23. Kg1 Bxf1 24. Bxf1 Rxc3 25. Bxc3 Qxc3 26. Qe2 Bg5 27. Re1 Qxe5
28. Bg2 Nd6 29. Nd4 Nc4 30. Nc2 Rb8 31. e4 Nb6 32. exd5 Qxe2 33. Rxe2 Nxd5 34.
Bxd5 exd5 35. Kf2 Rb2 36. h4 Bf6 37. Ne3 Rxe2+ 38. Kxe2 d4 39. Nd5 Be5 40. g4
Kf8 41. Kd3 Ke8 42. Ke4 f6 43. Nb4 Kd7 44. h5 Kd6 45. Kd3 a5 46. Nc2 Ke6 47. Ke4
d3 48. Ne3 d2 49. Kd3 Bf4 50. Kxd2 Ke5 51. Kd3 Bxe3 52. Kxe3 f5 53. Kf3 fxg4+
54. Kxg4 Ke4 55. Kg3 Kf5 56. Kh4 Kf4 57. Kh3 Kg5 0-1

[Event "V Miedzynarodowy Memorial Ireny Warakomskiej - Open B"]
[Site "Suwalki"]
[Date "2021-07-27"]
[Round "1.30"]
[White "Strepikowski, Pawel"]
[Black "Bancarewicz, Aleks "]
[Result "1/2-1/2"]
[WhiteTitle ""]
[BlackTitle ""]
[WhiteElo "1635"]
[BlackElo "1853"]

1. e4 c5 2. Nf3 d6 3. d3 Nc6 4. g3 g6 5. Bg2 Bg7 6. O-O e5 7. Nc3 Nge7 8. Nd2 h5
9. h4 O-O 10. Nc4 Nd4 11. a4 Bg4 12. f3 Be6 13. Ne3 d5 14. exd5 Nxd5 15. Ncxd5
Bxd5 16. Nxd5 Qxd5 17. c3 Nf5 18. f4 Qd6 19. Kh2 exf4 20. Bxf4 Be5 21. Qf3 Rad8
22. Rad1 b6 23. Bh3 Bxf4 24. Qxf4 Qxf4 25. Rxf4 Ne3 26. Rd2 f5 27. Bg2 Rd6 28.
Bb7 Rfd8 29. Ba6 Kg7 30. Bb5 Kf6 31. Re2 Ng4+ 32. Kg2 Ne5 33. d4 cxd4 34. cxd4
Rxd4 35. Rxd4 Rxd4 36. Rc2 Rd6 37. b4 Rd5 38. Rc7 Rd4 39. Rxa7 Rxb4 40. Kg1 Rb1+
41. Kg2 Rb2+ 42. Kg1 Rd2 43. Ra6 Nf3+ 44. Kf1 Nh2+ 45. Kg1 Nf3+ 46. Kf1 1/2-1/2

[Event "V Miedzynarodowy Memorial Ireny Warakomskiej - Open B"]
[Site "Suwalki"]
[Date "2021-07-27"]
[Round "1.31"]
[White "Krzywda, Malgorzata"]
[Black "Lapa, Aleksandra "]
[Result "1/2-1/2"]
[WhiteTitle ""]
[BlackTitle ""]
[WhiteElo "1853"]
[BlackElo "1630"]

1. d4 Nf6 2. Nf3 e6 3. g3 c5 4. Bg2 Nc6 5. O-O d5 6. c3 cxd4 7. Nxd4 Bd6 8. Nxc6
bxc6 9. c4 O-O 10. Nc3 Ba6 11. cxd5 exd5 12. Re1 Re8 13. Qa4 Qc8 14. Bg5 Be5 15.
Rac1 Qb7 16. Qc2 Rac8 17. Bh3 Rb8 18. Bxf6 Bxf6 19. b3 Bxc3 20. Qxc3 Rxe2 21.
Rxe2 Bxe2 22. Qxc6 Qxc6 23. Rxc6 Kf8 24. Rc7 a6 25. Rd7 Re8 26. Rxd5 Bf3 27. Rd2
Re1+ 28. Bf1 Rb1 29. Rd8+ Ke7 30. Rd3 Bc6 31. a4 g5 32. f4 Bd7 33. Re3+ Be6 34.
b4 Kf6 35. Kf2 Rb2+ 36. Be2 Rxb4 1/2-1/2

[Event "V Miedzynarodowy Memorial Ireny Warakomskiej - Open B"]
[Site "Suwalki"]
[Date "2021-07-27"]
[Round "1.32"]
[White "Roszkiewicz, Anna"]
[Black "Zarebska, Lena "]
[Result "1/2-1/2"]
[WhiteTitle ""]
[BlackTitle ""]
[WhiteElo "1621"]
[BlackElo "1849"]

1. d4 Nf6 2. Bf4 b6 3. Nf3 Bb7 4. e3 g6 5. h3 Bg7 6. Bd3 O-O 7. O-O d6 8. Nbd2
Nfd7 9. Bh2 a5 10. Qe2 e5 11. dxe5 dxe5 12. Rfd1 Qe7 13. Be4 c6 14. c3 Nc5 15.
Bc2 Ba6 16. Qe1 Nd3 17. Bxd3 Bxd3 18. Nb3 e4 19. Nfd4 c5 20. Ne2 Rd8 21. Nbc1
Bc4 22. Rd2 Nc6 23. Nf4 Rxd2 24. Qxd2 Rd8 25. Qc2 Ne5 26. Nb3 g5 27. Nh5 Bd3 28.
Qc1 Bh8 29. Ng3 g4 30. hxg4 Nxg4 31. Nf1 Be5 32. Bxe5 Qxe5 33. Nbd2 Rd6 34. f3
Bxf1 35. fxg4 Bd3 36. Qe1 Rh6 37. g3 Rg6 38. Kg2 Rxg4 39. Qf2 Rg6 40. Rh1 Rf6
41. Qe1 Qd5 42. a3 Qa2 43. Qc1 Qe6 44. Rh4 Be2 45. Qb1 Bd3 46. Qh1 h6 47. Qd1
Rg6 48. Rf4 Rg5 49. Rh4 Kg7 50. Rf4 Qg6 51. Qe1 Rg4 52. Qf2 h5 53. Kh3 Qe6 54.
Kh2 Rg5 55. Kg2 Re5 56. Kh2 Bb5 57. Qg2 f5 58. Rh4 Kh6 59. Qf2 Ba6 60. Qf4+ Kg6
61. Qf2 Rd5 62. c4 Rd8 63. Qe2 Rh8 64. b3 Qc6 65. a4 Qf6 66. Nb1 Bc8 67. Qc2 Qg5
68. Qe2 Rd8 69. Nc3 Be6 70. Nd1 Rd3 71. Rf4 Rxb3 72. Nf2 Kh6 73. Nh3 Qf6 74. Nf2
Rb2 75. Qd1 Bxc4 76. Kh3 Be2 77. Qd5 Bg4+ 78. Kh2 Re2 79. Qb3 h4 80. Qg8 hxg3+
81. Kxg3 Rxe3+ 82. Kg2 Re2 83. Qxg4 fxg4 84. Rxf6+ Kg5 85. Kf1 Re3 86. Rxb6 g3
87. Nd1 Ra3 88. Nb2 Ra2 89. Ke2 Kf4 90. Rf6+ Ke5 91. Rb6 Kd4 92. Ke1 g2 93. Rd6+
Kc3 94. Nd1+ Kb4 95. Rg6 Kxa4 96. Nc3+ Ka3 97. Nxa2 Kxa2 98. Rxg2+ Kb3 99. Re2
c4 100. Kd1 a4 101. Kc1 a3 102. Kb1 c3 103. Re3 a2+ 104. Ka1 Kc2 105. Rxe4 Kd3
106. Re8 c2 107. Rc8 Kd2 108. Kxa2 c1=Q 109. Rxc1 Kxc1 1/2-1/2

[Event "V Miedzynarodowy Memorial Ireny Warakomskiej - Open B"]
[Site "Suwalki"]
[Date "2021-07-27"]
[Round "1.33"]
[White "Kaminski, Maciej "]
[Black "Plesiuk, Jan "]
[Result "1-0"]
[WhiteTitle ""]
[BlackTitle ""]
[WhiteElo "1845"]
[BlackElo "1604"]

1. e4 e6 2. Nf3 c5 3. d4 cxd4 4. Nxd4 Nf6 5. Nc3 Nc6 6. Ndb5 d6 7. Bf4 e5 8. Bg5
h6 9. Bxf6 gxf6 10. Nd5 Be6 11. Nbc7+ Kd7 12. Nxa8 Qxa8 13. Nxf6+ Kc7 14. Nd5+
Kd7 15. Bb5 Qd8 16. Qd3 Qg5 17. Qa3 Qxg2 18. Bxc6+ Kc8 19. Bxb7+ Kb8 20. O-O-O
Qxe4 21. Qb3 1-0

[Event "V Miedzynarodowy Memorial Ireny Warakomskiej - Open B"]
[Site "Suwalki"]
[Date "2021-07-27"]
[Round "1.34"]
[White "Arciszewska, Zuzanna "]
[Black "Zalega, Maciej "]
[Result "0-1"]
[WhiteTitle ""]
[BlackTitle ""]
[WhiteElo "1604"]
[BlackElo "1841"]

1. d4 Nf6 2. Nf3 g6 3. c4 Bg7 4. Nc3 d6 5. Bg5 O-O 6. e3 Nbd7 7. Bd3 Re8 8. O-O
c6 9. e4 e5 10. d5 Nc5 11. Bc2 a5 12. a3 h6 13. Be3 cxd5 14. cxd5 Bd7 15. Qe2
a4 16. Bxc5 dxc5 17. Qc4 Qa5 18. Rfd1 Bf8 19. d6 Ra6 20. Rd2 Re6 21. b4 axb3 22.
Bxb3 Bxd6 23. Nd5 b5 24. Nxf6+ Rxf6 25. Qd5 Be6 26. Qxd6 Rxd6 27. Rxd6 Qc3 28.
Rb1 Rxf3 29. Bxe6 Rd3 30. Bd5 Qc2 31. Rf1 Kf8 32. Rb6 Rd1 33. g3 f5 34. Rf6+ Ke7
35. Re6+ Kd7 36. Rxe5 Rxf1+ 37. Kxf1 fxe4 38. Bxe4 Qc3 39. Rd5+ Ke6 40. Rd3 Qc1+
41. Kg2 c4 42. Rd5 Qe1 43. Kf3 c3 44. Rc5 Qd1+ 45. Kg2 Qd4 46. Rc6+ Kd7 47. Kf3
g5 48. h3 h5 49. Rg6 Qd1+ 50. Kg2 c2 51. Bxc2 Qxc2 52. Rxg5 Qe2 0-1

[Event "V Miedzynarodowy Memorial Ireny Warakomskiej - Open B"]
[Site "Suwalki"]
[Date "2021-07-27"]
[Round "1.35"]
[White "Wilk, Igor "]
[Black "Krasniewski, Szymon"]
[Result "0-1"]
[WhiteTitle ""]
[BlackTitle ""]
[WhiteElo "1834"]
[BlackElo "1590"]

1. e4 c5 2. Nf3 e6 3. d4 cxd4 4. Nxd4 Nf6 5. Nc3 Nc6 6. Nxc6 bxc6 7. e5 Nd5 8.
Ne4 Bb7 9. Be2 c5 10. O-O Qc7 11. Nd6+ Bxd6 12. exd6 Qc6 13. Bf3 c4 14. b3 O-O
15. Qd4 Rfc8 16. Bf4 Qc5 17. Be5 cxb3 18. Qg4 f6 19. Bxd5 Qxd5 20. Bxf6 Qxg2+
21. Qxg2 Bxg2 22. Kxg2 gxf6 23. cxb3 Rc6 24. Rfd1 Rb8 25. Rd3 Rbb6 26. Rad1 Rc2
27. Rg3+ Kh8 28. Rd4 f5 29. a4 Rcc6 30. a5 Rb8 31. b4 a6 32. Kf3 Rg8 33. Kf4 Rc2
34. Ke5 Rxg3 35. fxg3 Kg7 36. Rh4 Rd2 37. Rc4 Rd5+ 38. Kf4 Rxd6 39. b5 axb5 40.
Rc5 Kf6 41. Rxb5 Rd3 0-1

[Event "V Miedzynarodowy Memorial Ireny Warakomskiej - Open B"]
[Site "Suwalki"]
[Date "2021-07-27"]
[Round "1.36"]
[White "Rekuc, Patryk"]
[Black "Mierins,emils"]
[Result "1-0"]
[WhiteTitle ""]
[BlackTitle ""]
[WhiteElo "1560"]
[BlackElo "1833"]

1. e4 c5 2. Nf3 e6 3. d4 cxd4 4. Nxd4 a6 5. Nc3 Qc7 6. Bd3 Nf6 7. O-O Bc5 8. Nb3
Ba7 9. Bg5 Nc6 10. Bh4 h5 11. Bg3 Ne5 12. Nd2 d6 13. Nf3 Bd7 14. Qe2 Bc6 15. h3
Rg8 16. Rfe1 g5 17. Nxe5 dxe5 18. Qf3 Rg6 19. Nd5 Nxd5 20. exd5 Bxd5 21. Qxh5
Rg8 22. Rxe5 Qc6 23. Rae1 O-O-O 24. Be4 Bxe4 25. R5xe4 Rd7 26. b3 b5 27. Qf3 Kb7
28. a4 Re8 29. axb5 axb5 30. Re5 Qxf3 31. gxf3 f5 32. Rxb5+ Kc6 33. Rxf5 exf5
34. Rxe8 f4 35. Bh2 Rd1+ 36. Kg2 Rd2 37. Bg1 Kd7 38. Rg8 Ke6 39. Rxg5 Rxc2 40.
h4 Rb2 41. Rb5 Kf6 42. Kh3 Rb1 43. Bh2 Rb2 44. Bxf4 Rxf2 45. Bg5+ Kg6 46. h5+
1-0

[Event "V Miedzynarodowy Memorial Ireny Warakomskiej - Open B"]
[Site "Suwalki"]
[Date "2021-07-27"]
[Round "1.37"]
[White "Pawicka, Magdalena "]
[Black "Kaznowska, Weronika"]
[Result "1-0"]
[WhiteTitle ""]
[BlackTitle ""]
[WhiteElo "1816"]
[BlackElo "1556"]

1. e4 Nc6 2. Nf3 d6 3. d4 Nf6 4. Nc3 g6 5. Bc4 Bg7 6. Qe2 Bg4 7. Be3 O-O 8. h3
Bxf3 9. Qxf3 e5 10. d5 Nd4 11. Qd1 c5 12. a4 Qa5 13. O-O Qb4 14. Qd3 Qa5 15. Bd2
a6 16. Nd1 Qc7 17. Re1 Rab8 18. Ba2 b5 19. c3 c4 20. Qb1 Nb3 21. Bxb3 cxb3 22.
axb5 axb5 23. Ra3 Qc4 24. f3 Nd7 25. Ne3 Qc7 26. Rxb3 Nc5 27. Ra3 Ra8 28. Qa2
Qb7 29. Ra1 Na4 30. Qb3 Nc5 31. Qb4 Rxa3 32. bxa3 Rb8 33. Rb1 Bf8 34. c4 bxc4
35. Qxb7 Rxb7 36. Rxb7 Nxb7 37. Nxc4 f5 38. Bb4 fxe4 39. fxe4 Kf7 40. a4 Bh6 41.
a5 1-0

[Event "V Miedzynarodowy Memorial Ireny Warakomskiej - Open B"]
[Site "Suwalki"]
[Date "2021-07-27"]
[Round "1.38"]
[White "Ptaszynski, Szymon "]
[Black "Wloch, Mikolaj "]
[Result "0-1"]
[WhiteTitle ""]
[BlackTitle ""]
[WhiteElo "1516"]
[BlackElo "1816"]

1. e4 c5 2. Nf3 d6 3. d4 cxd4 4. Nxd4 Nf6 5. Nc3 g6 6. f3 Bg7 7. Be3 O-O 8. Bc4
Nc6 9. Qd2 Bd7 10. Bb3 Na5 11. h4 Nxb3 12. axb3 a6 13. O-O-O a5 14. Bh6 a4 15.
bxa4 Bxa4 16. Bxg7 Kxg7 17. b3 Bd7 18. Kb2 Qa5 19. Ra1 Qc5 20. g4 Rfc8 21. Qd3
e6 22. Rhd1 h6 23. Re1 Be8 24. Red1 Rxa1 25. Rxa1 Bc6 26. Qd2 Nd7 27. Nxc6 Qxc6
28. f4 Kh7 29. g5 h5 30. Ra4 Nc5 31. Rd4 Rd8 32. e5 d5 33. Na4 Ra8 34. Nxc5 Qxc5
35. Qb4 Qc7 36. Rd1 Kg7 37. c3 b5 38. Qxb5 Qa7 39. c4 Qf2+ 40. Kc3 Qe3+ 41. Kb4
d4 42. Qb7 Qc3+ 43. Kc5 Qa5+ 44. Kc6 Ra6+ 45. Qxa6 Qxa6+ 46. Kc5 Qa5+ 47. Kc6
Qc3 48. Kd6 Qxb3 0-1